Earthworm ecology: from Darwin to vermiculture

Saved in:
Bibliografiske detaljer
Hovedforfatter: Satchell, J. E (Author)
Format: Bog
Sprog:engelsk
Udgivet: Londres Chapman and Hall 1983
Fag:
Tags: Tilføj Tag
Ingen Tags, Vær først til at tagge denne postø!

MARC

LEADER 00000nam a2200000 a 4500
001 UCU1670
003 CL-VaPUC
008 960412e19830000UK |||||||||||||||||eng|d
082 0 4 |a 595.146  |b SAT  |2 21 
100 0 |a Satchell, J. E  |e author  |9 357338 
245 1 0 |a Earthworm ecology: from Darwin to vermiculture  
300 |a 495 p 
942 |c BK 
945 |d 19960412 00:00:00  |a rbrito 
260 |a Londres  |b Chapman and Hall  |c 1983 
600 0 |a Darwin Charles  |9 398 
650 0 |a Invertebrados  |9 261302 
650 0 |a Ecología   |9 258124 
650 7 |a LOMBRIZ DE TIERRA  |2 CL-VaPUC  |9 357339 
650 0 |a Organismos vivos  |9 264556 
583 |a last modification  |c 19960412 00:00:00  |k Rodrigo Vera 
999 |c 246207  |d 246205 
952 |0 0  |1 0  |2 ddc  |4 0  |6 595_146000000000000_SAT_1983  |7 0  |8 A  |9 260969  |a BIBCUR  |b BIBCUR  |c PAC  |d 2019-11-19  |i 318837K  |o 595.146 SAT 1983  |p 318837K  |r 2025-04-22  |w 2019-11-19  |y BK  |k BCB